000 00275nam a2200121Ia 4500
008 190216s9999||||xx |||||||||||||| ||und||
100 _aKunchan Nambiar
245 0 _aSabha Pravesam
260 _bVidyarthimithram
_c1975
300 _a62p
650 _aKavithkal
942 _cBK
999 _c25789
_d25789